[Event "Foment Martinenc op-B 15th"]
[Site "Barcelona"]
[Date "2013.05.11"]
[Round "4"]
[White "Izquierdo Pujol, Jon"]
[Black "Bes Alvarez, Alex"]
[Result "1-0"]
[WhiteElo "1700"]
[BlackElo "1700"]
[PlyCount "127"]
[EventDate "2013.04.20"]
[EventType "swiss"]
[EventRounds "9"]
[EventCountry "ESP"]
[SourceTitle "CBM 154 Extra"]
[Source "ChessBase"]
[SourceDate "2013.06.25"]
[SourceVersion "2"]
[SourceVersionDate "2013.06.25"]
[SourceQuality "1"]

1. e4 e5 2. Nc3 Nc6 3. f4 exf4 4. d4 Qh4+ 5. g3 fxg3 6. Nf3 g2+ 7. Nxh4 gxh1Q 8. Qe2 d5 9. Nxd5 Nxd4 10. Qd3 Bd6 11. Qxd4 Nf6 12. Nxf6+ gxf6 13. Qxf6 Qxe4+ 14. Be2 Rg8 15. Qf2 Bg4 16. Be3 Qh1+ 17. Bf1 Bh3 18. 0-0-0 Bxf1 19. Rxf1 Qe4 20. Qxf7+ Kd8 21. Qxg8+ Kd7 22. Qxa8 Qxe3+ 23. Kb1 Qe2 24. Rg1 Bxh2 25. Qg8 Qf2 26. Rd1+ Bd6 27. Qxh7+ Kc6 28. Qe4+ Kb6 29. Qe1 Qh2 30. Qe3+ Bc5 31. Qb3+ Kc6 32. Qd5+ Kb5 33. c4+ Kb6 34. Qe6+ c6 35. Nf3 Qh7+ 36. Kc1 Kc7 37. Rd7+ Qxd7 38. Qe5+ Bd6 39. Qa5+ b6 40. Qxa7+ Kd8 41. Qxb6+ Bc7 42. Qc5 Bf4+ 43. Kc2 Qd6 44. Qxd6+ Bxd6 45. a4 Kc8 46. Nd4 c5 47. Nb5 Bc7 48. Nxc7 Kxc7 49. Kc3 Kb6 50. b4 cxb4+ 51. Kxb4 Kc6 52. a5 Kb7 53. Kb5 Ka7 54. c5 Kb7 55. a6+ Ka8 56. Kb6 Kb8 57. c6 Kc8 58. a7 Kd8 59. a8Q+ Ke7 60. c7 Kd6 61. Qc6+ Ke7 62. c8Q Kf7 63. Q6e6+ Kg7 64. Qcg8# 1-0